[Event "SVK-ch Seniors-B"]
[Site "Tatranske Matliare"]
[Date "2011.05.??"]
[Round "1"]
[White "Volek, Jan"]
[Black "Petras, Milan"]
[Result "0-1"]
[WhiteElo "1769"]
[BlackElo "2039"]
[PlyCount "76"]
[EventDate "2011.05.27"]
[EventType "swiss"]
[EventRounds "9"]
[EventCountry "SVK"]
[SourceTitle "EXT 2023"]
[Source "ChessBase"]
[SourceDate "2022.10.05"]
[SourceVersion "1"]
[SourceVersionDate "2022.10.05"]
[SourceQuality "1"]

1. e4 d6 2. Nc3 g6 3. Nf3 Bg7 4. d4 Nf6 5. h3 c6 6. Be2 Nbd7 7. 0-0 0-0 8. Bf4 Qa5 9. a3 e5 10. b4 Qc7 11. Be3 Re8 12. dxe5 dxe5 13. Bd3 Nf8 14. Qe2 Nh5 15. Qe1 Ne6 16. Ne2 b6 17. Rb1 c5 18. c3 Bd7 19. Qc1 Rad8 20. Rd1 c4 21. Bc2 Bc6 22. Rxd8 Rxd8 23. Qe1 Nhf4 24. Bxf4 Nxf4 25. Nxf4 exf4 26. Rd1 Rxd1 27. Bxd1 Qd7 28. Bc2 b5 29. Qc1 Bxc3 30. Qxf4 Kg7 31. Ne5 Qc7 32. Nxg6 Qxf4 33. Nxf4 Bb2 34. a4 bxa4 35. Nd5 a3 36. Bb1 Bxd5 37. exd5 c3 38. d6 a2 0-1

[Event "Tatry op"]
[Site "Tatranske Zruby"]
[Date "2010.10.09"]
[Round "9"]
[White "Volek, Jan"]
[Black "Belus, Benjamin"]
[Result "0-1"]
[WhiteElo "1736"]
[BlackElo "1987"]
[PlyCount "58"]
[EventDate "2010.10.02"]
[EventType "swiss"]
[EventRounds "9"]
[EventCountry "SVK"]
[SourceTitle "CBM 138 Extra"]
[Source "ChessBase"]
[SourceDate "2010.10.29"]
[SourceVersion "1"]
[SourceVersionDate "2010.10.29"]
[SourceQuality "1"]

1. e4 c5 2. Nf3 e6 3. Nc3 d5 4. exd5 exd5 5. d4 c4 6. Be2 Nf6 7. 0-0 Nc6 8. Bg5 Be7 9. Ne5 0-0 10. Nxc6 bxc6 11. b3 Qa5 12. Na4 Re8 13. Bd2 Qa6 14. bxc4 Qxa4 15. cxd5 cxd5 16. c3 Qxd1 17. Rfxd1 Bd7 18. Bf3 Rab8 19. Bg5 Bg4 20. Bxg4 Nxg4 21. Bxe7 Rxe7 22. h3 Nf6 23. Rd2 Ne4 24. Re2 Rc7 25. f3 Nxc3 26. Rc2 Nb5 27. Rb2 Rcb7 28. Rab1 Nd6 29. Rxb7 Rxb7 0-1